000 00361nam a2200121Ia 4500
008 220901s9999||||xx |||||||||||||| ||und||
082 _a624.1834 IND
100 _aIndian Concrete Institute
245 0 _aICI journal indian concrete institute
250 _aVol. 18 & Issue No. 2 & 3
260 _bIndian Concrete Institute
_c2017
650 _aHighway engineering
999 _c193870
_d193870